Roys de France capétiens (1ère partie) - Statistiques

Statistiques générales
  • Ce quiz a été pris 75 fois
  • Le résultat moyen est 8 sur 12
Statistiques - réponses
Par images Hint Réponse % Correct
987-996 Hugues Capet
96%
1226-1270 Saint Louis
69%
1108-1137 Louis VI
67%
1137-1180 Louis VII
67%
1223-1226 Louis VIII
67%
1180-1223 Philippe II Auguste
67%
1285-1314 Philippe IV
62%
1314-1316 Louis X
60%
996-1031 Robert II
60%
1270-1285 Philippe III
58%
1060-1108 Philippe Ier
55%
1031-1060 Henri Ier
53%
Aucun quiz correspondant
Distribution des résultats
% des personnes avec chaque résultat
Percentile par nombre de réponses
Votre historique - résultats
Vous n’avez pas pris ce quiz